000 00392nam a2200145Ia 4500
008 210210b1990 xxu||||| |||| 00| 0 eng d
082 _a792K UDYR
100 _aUDYAVARA MADHAVA ACHARYA.
245 _aRanga prabhandhagalu.
260 _aUdupi
_bUdyavara madhava acharya
_c1990
300 _a72
650 _aRangaprayoga nataka yakshagana rangabhumi
690 _aTheatre
906 _a044160
999 _c93807
_d93807